De Washington al canal: Panamá en la encrucijada /

En este artículo se hace una caracterización de la crisis panameña. Se señalan las causas y factores que agravan el conflicto social: el desempleo, el alto costo de vida, el Fondo Monetario Internacional (FMI) y la desconfianza del pueblo hacia la uardia Nacional, y al mismo tiempo la oligarquía pan...

Ful tanımlama

Kaydedildi:
Detaylı Bibliyografya
Yazar: Lewis, David E.
Materyal Türü: Metin
Konular:
Etiketler: Etiketle
Etiket eklenmemiş, İlk siz ekleyin!

MARC

LEADER 00000 a a2200000 04500
001 12150
003
040
100 |a Lewis, David E.  
245 |a De Washington al canal:   |b Panamá en la encrucijada /  |c David E. Lewis 
520 |a En este artículo se hace una caracterización de la crisis panameña. Se señalan las causas y factores que agravan el conflicto social: el desempleo, el alto costo de vida, el Fondo Monetario Internacional (FMI) y la desconfianza del pueblo hacia la uardia Nacional, y al mismo tiempo la oligarquía panameña se aprovecha del descontento popular para rechazar el proyecto populista torrijista. Además, analiza la crisis panameña en el contexto de la crisis regional, el cambio previsto en la administración del canal, así como la importancia estratégica del Comando Sur para los Estados Unidos. Por lo demás, Panamá se apoya y refuerza la posición latinoamericana de que la solución a la crisis debe ser negociada, tal como propone el Grupo de Contadora, con verificación multilateral y bajo el amparo del derecho internacional. LOB/mb  
650 |a POLITICA INTERNACIONAL  
650 |a PROBLEMAS SOCIALES  
650 |a DESEMPLEO  
650 |a SINDICALISMO  
650 |a FMI  
650 |a RECESION ECONOMICA  
650 |a OEA  
650 |a GRUPO DE CONTADORA  
650 |a INTERVENCION EXTRANJERA  
650 |a FUERZAS ARMADAS  
773 |g número 44; páginas 3-8  
999 |c 27722  |d 27722